ՀՀ Գիտությունների ազգային ակադեմիայի հիմնարար գիտական գրադարան  =   Fundamental Scientific Library of NAS RA

Ապրելու օրենքը : (Record no. 95998)

MARC details
000 -LEADER
fixed length control field 00876nam a2200205 u 4500
001 - CONTROL NUMBER
control field 000264493
003 - CONTROL NUMBER IDENTIFIER
control field AM-YeHGA
005 - DATE AND TIME OF LATEST TRANSACTION
control field 20250618071750.0
008 - FIXED-LENGTH DATA ELEMENTS--GENERAL INFORMATION
fixed length control field 030922s1989 ai r 000 0 arm d
020 ## - INTERNATIONAL STANDARD BOOK NUMBER
International Standard Book Number 5550000512
040 ## - CATALOGING SOURCE
Original cataloging agency AM-YeHGA
090 ## - LOCALLY ASSIGNED LC-TYPE CALL NUMBER (OCLC); LOCAL CALL NUMBER (RLIN)
-- 97302
100 1# - MAIN ENTRY--PERSONAL NAME
Personal name Պետրոսյան, Ալվարդ Բարդուղի,
Dates associated with a name 1946-
9 (RLIN) 1389
245 10 - TITLE STATEMENT
Title Ապրելու օրենքը :
Remainder of title Վիպակներ, պատմվածքներ, պիեսներ /
Statement of responsibility, etc. Ա. Պետրոսյան; Խմբ.՝ Դ. Սարգսյան.
260 ## - PUBLICATION, DISTRIBUTION, ETC.
Place of publication, distribution, etc. Երևան :
Name of publisher, distributor, etc. Խորհրդային գրող,
Date of publication, distribution, etc. 1989.
300 ## - PHYSICAL DESCRIPTION
Extent 384 էջ :
Other physical details նկ. ;
Dimensions 22 սմ.
650 14 - SUBJECT ADDED ENTRY--TOPICAL TERM
Topical term or geographic name entry element Հայ գրականություն
General subdivision Արձակ
650 14 - SUBJECT ADDED ENTRY--TOPICAL TERM
Topical term or geographic name entry element Հայ գրականություն
General subdivision Թատերգություն
700 1# - ADDED ENTRY--PERSONAL NAME
Personal name Սարգսյան, Դավիթ Մկրտչի,
Miscellaneous information (Դավիթ Մկր-Սարգսյան),
Dates associated with a name 1957-
Relator term խմբ.
Relationship edt
9 (RLIN) 3377
Holdings
Withdrawn status Lost status Damaged status Not for loan Collection Home library Current library Date acquired Total checkouts Full call number Barcode Date last seen Price effective from Koha item type Public note
        General Fundamental Scientific Library Fundamental Scientific Library 22/12/2016   891.981 220078689 22/12/2016 22/12/2016 Գրքեր / Books 30 Days Loan
        General Fundamental Scientific Library Fundamental Scientific Library 22/12/2016   891.981 220079257 22/12/2016 22/12/2016 Գրքեր / Books 30 Days Loan


ՀՀ ԳԱԱ հիմնարար գիտական գրադարան
ՀՀ,Երևան 0019
Մարշալ Բաղրամյան 24/6
հեռախոս:(374-10) 52-47-50
Հետադարձ կապ

All site content, except where otherwise noted, is licensed under a
Creative Commons License